Normale Ansicht MARC-Ansicht ISBD

Häuserbuch der Stadt Teltow: (Titelsatznr. 372555)

[ MARC ]
MARC-Details
000 -Satzkennung
Kontrollfeld mit fester Länge 01670cam a2200529 4500
001 - Kontrollnummer
Kontrollnummer 584360320
003 - Kontrollnummer Identifier
Kontrollnummer DE-627
005 - Datum und Zeit der letzten Transaktion
Kontrollnummer 20230623094304.0
007 - Feld mit fester Länge zur physischen Beschreibung - Allgemeine Information
Kontrollfeld mit fester Länge tu
008 - Feld mit fester Länge zur physischen Beschreibung - Allgemeine Angaben
Kontrollfeld mit fester Länge 081105s2008 gw ||||| 00| ||ger c
020 ## - Internationale Standardbuchnummer
Internationale Standardbuchnummer 9783937230139
035 ## - Systemkontrollnummer
Systemkontrollnummer (DE-627)584360320
035 ## - Systemkontrollnummer
Systemkontrollnummer (DE-576)28780139X
035 ## - Systemkontrollnummer
Systemkontrollnummer (DE-599)GBV584360320
035 ## - Systemkontrollnummer
Systemkontrollnummer (OCoLC)315904327
035 ## - Systemkontrollnummer
Systemkontrollnummer (OCoLC)315904327
040 ## - Katalogisierungsquelle
Original-Katalogisierungsstelle DE-627
Katalogisierungssprache ger
Übertragungsstelle DE-2950
Beschreibungsfestlegungen rakwb
041 ## - Sprachcode
Sprachcode des Textes/der Tonspur oder des separaten Titels ger
044 ## - Ländercode der veröffentlichenden/herstellenden Stelle
ISO-Ländercode XA-DE-HE
082 0# - Notation nach der Dewey Decimal Classification
Notation 929.3431547
082 04 - Notation nach der Dewey Decimal Classification
Notation 920
084 ## - Andere Notation
Notation 8,1
Quelle der Nummer ssgn
084 ## - Andere Notation
Notation NR 6910
Quelle der Nummer rvk
084 ## - Andere Notation
Notation NR 6395
Quelle der Nummer rvk
084 ## - Andere Notation
Notation NR 7080
Quelle der Nummer rvk
084 ## - Andere Notation
Notation ZH 9302
Quelle der Nummer rvk
084 ## - Andere Notation
Notation 21.73
Quelle der Nummer bkl
084 ## - Andere Notation
Notation 15.48
Quelle der Nummer bkl
100 1# - Haupteintragung - Personenname
Personenname Seider, Frank-Jürgen.
Datumsangaben in Verbindung mit einem Namen 1948-
Funktionsbezeichnungscode aut
245 10 - Titel
Titel Häuserbuch der Stadt Teltow:
Zusatz zum Titel Besitz- und Baugeschichte der Altstadtgrundstücke /
Verfasserangabe etc. Frank-Jürgen Seider.
260 ## - Publikation, Vertrieb usw. (Erscheinungsvermerk)
Erscheinungsort, Vertriebsort etc. Marburg/Lahn:
Name des Verlags, des Vertriebs etc. Stiftung Stoye,
Date of publication, distribution, etc 2008
300 ## - Physische Beschreibung
Umfang 196 Seiten
Andere physische Details Ill.
Begleitmaterial 3 Kt.
490 1# - Gesamttitelangabe
Gesamttitelangabe Schriftenreihe der Stiftung Stoye;
Bandnummer/Folgebezeichnung Bd. 49
653 ## - Indexierungsterm - Nicht normiert
Nicht-normierter Term Stadt Teltow
653 ## - Indexierungsterm - Nicht normiert
Nicht-normierter Term Baugeschichte
653 ## - Indexierungsterm - Nicht normiert
Nicht-normierter Term Häuserbuch
951 ## - EQUIVALENCE OR CROSS-REFERENCE-GEOGRAPHIC NAME/AREA NAME [OBSOLETE] [CAN/MARC only]
Geografischer Name BO
810 2# - Nebeneintragung unter dem Gesamttitel - Körperschaftsname
Körperschafts- oder Gebietskörperschaftsname als Eintragungselement Stiftung Stoye
Titel eines Werkes Schriftenreihe der Stiftung Stoye
Bandnummer/Folgebezeichnung 49
9 (RLIN) 49
Datensatzkontrollnummer (DE-627)129400025
-- (DE-576)014782529
-- (DE-600)186354-X
856 42 - Elektronische Adresse und Zugriff
URL <a href="http://bvbr.bib-bvb.de:8991/F?func=service&doc_library=BVB01&doc_number=016812251&line_number=0001&func_code=DB_RECORDS&service_type=MEDIA">http://bvbr.bib-bvb.de:8991/F?func=service&doc_library=BVB01&doc_number=016812251&line_number=0001&func_code=DB_RECORDS&service_type=MEDIA</a>
Kontaktstelle für Hilfe beim Zugriff V:DE-604
Elektronisches Format application/pdf
Zugriffszeiten 20090731000000
Spezifische Materialangaben Inhaltsverzeichnis
936 rv - OCLC/CONSER MISCELLANEOUS DATA (OCLC); PIECE USED FOR CATALOGING (pre-AACR2) (RLIN)
OCLC control number(s) of parallel record(s) (OCLC); Piece used for cataloging, PUC (RLIN) NR 6910
936 rv - OCLC/CONSER MISCELLANEOUS DATA (OCLC); PIECE USED FOR CATALOGING (pre-AACR2) (RLIN)
OCLC control number(s) of parallel record(s) (OCLC); Piece used for cataloging, PUC (RLIN) NR 6395
936 rv - OCLC/CONSER MISCELLANEOUS DATA (OCLC); PIECE USED FOR CATALOGING (pre-AACR2) (RLIN)
OCLC control number(s) of parallel record(s) (OCLC); Piece used for cataloging, PUC (RLIN) NR 7080
936 rv - OCLC/CONSER MISCELLANEOUS DATA (OCLC); PIECE USED FOR CATALOGING (pre-AACR2) (RLIN)
OCLC control number(s) of parallel record(s) (OCLC); Piece used for cataloging, PUC (RLIN) ZH 9302
936 bk - OCLC/CONSER MISCELLANEOUS DATA (OCLC); PIECE USED FOR CATALOGING (pre-AACR2) (RLIN)
OCLC control number(s) of parallel record(s) (OCLC); Piece used for cataloging, PUC (RLIN) 21.73
936 bk - OCLC/CONSER MISCELLANEOUS DATA (OCLC); PIECE USED FOR CATALOGING (pre-AACR2) (RLIN)
OCLC control number(s) of parallel record(s) (OCLC); Piece used for cataloging, PUC (RLIN) 15.48
942 ## - Zusätzliche Felder (Koha)
Klassifikation oder Aufstellungssystematik Andere/Generische Klassifikation
Koha-Medientyp Bücher
Exemplare
Ausgeschieden Verloren Klassifikation oder Aufstellungssystematik Beschädigt Nicht entleihbar Permanenter Standort Aktueller Standort Aufstellungsort Erwerbungsdatum Anzahl Ausleihen Signatur Letzte Aktivität Exemplarnummer Preis gültig von Medientyp
    Andere/Generische Klassifikation     Stadtarchiv Frankfurt (Oder) | Archivbibliothek Stadtarchiv Frankfurt (Oder) | Archivbibliothek Magazin 22/06/2023   II: 5107 22/06/2023 110/ 2023 22/06/2023 Bücher